000 00217 a2200097 4500
001 45225
100 _aToms C.F
245 _aIntroduction to aeronautics
260 _aLondon
_bChapman Hall
_c
090 _c28415
_d28415
942 _aNUST-CAE
_cM
_c20464
999 _c280298
_d280298